| 000 | 00557nam a2200229Ia 4500 | ||
|---|---|---|---|
| 003 | 0100 | ||
| 005 | 20140206171810.0 | ||
| 008 | 130303s9999 xx 000 0 und d | ||
| 020 | _a2020048817 | ||
| 040 | _cARRUPELIB | ||
| 050 | _aDT30.5.Z541978 | ||
| 100 |
_aZiegler, Jean _98430 |
||
| 245 | _aMain basse sur l'Afrique | ||
| 260 | _aParis | ||
| 260 | _bSeuil | ||
| 300 | _a290p. | ||
| 300 | _b 21cm. | ||
| 650 |
_aNationalism-Africa _98431 |
||
| 650 |
_aAfrica-Politics-1960 _98432 |
||
| 700 |
_aJean Ziegler _98433 |
||
| 942 |
_2lcc _cMONOGRAPH |
||
| 999 |
_c7613 _d7613 |
||